| 000 | 01075nam a2200277 i 4500 | ||
|---|---|---|---|
| 001 | bg | ||
| 245 | 7 | 0 |
_aStudia z automatyki i informatyki / _cPoznańskie Towarzystwo Przyjaciół Nauk. |
| 260 |
_aPoznań : _bWydaw.PTPN, _c2002. |
||
| 300 |
_a177 s. : _brys., wykr. ; _c24 cm. |
||
| 490 | 1 |
_aPrace Komisji Automatyki i Informatyki / Poznańskie Towarzystwo Nauk. Wydział Nauk Technicznych, _x0867-3977 ; _vt.27 |
|
| 500 | _aTekst częśc. pol. i ang. | ||
| 504 | _aBibliogr. po art. | ||
| 650 | 9 |
_aInformatyka _xzagadnienia |
|
| 650 | 9 |
_aSterowanie _xzagadnienia |
|
| 650 | 9 |
_aAutomatyka _xzagadnienia |
|
| 710 | 0 | _aPoznańskie Towarzystwo Przyjaciół Nauk | |
| 830 | 0 |
_aPrace Komisji Automatyki i Informatyki (Poznańskie Towarzystwo Nauk. Wydział Nauk Technicznych) ; _vt.27 |
|
| 020 | _a8370633722 | ||
| 040 | _cBPK | ||
| 041 | 0 |
_apoleng _bpol |
|
| 080 | _a004:007.5:681.5 | ||
| 920 | _a83-7063-372-2 | ||
| 942 | _cKS | ||
| 008 | s pl f |000 0 pol | ||
| 999 |
_c42598 _d42598 |
||
| 856 |
_uhttp://koha.tu.koszalin.pl/cgi-bin/koha/opac-detail.pl?biblionumber=42598 _yKatalog online BPK |
||